Т. 81, вып. 7; Журнал общей химии

Chi tiết về thư mục
Parent link:Журнал общей химии/ Российская академия наук (РАН) ; Отделение химии и наук о материалах РАН. Т. 81, вып. 7.— , 1931-
Ngôn ngữ:Tiếng Nga
Được phát hành: 2011
Định dạng: Sách
KOHA link:https://koha.lib.tpu.ru/cgi-bin/koha/opac-detail.pl?biblionumber=456405

MARC

LEADER 00000nam2a2200000 4500
001 456405
005 20231101084602.0
035 |a (RuTPU)RU\TPU\prd\119779 
090 |a 456405 
100 |a 20110914a18699999k y0rusy50 ca 
101 0 |a rus 
102 |a RU 
200 0 |a Т. 81, вып. 7 
210 |d 2011 
461 1 |0 (RuTPU)RU\TPU\prd\161  |t Журнал общей химии  |f Российская академия наук (РАН) ; Отделение химии и наук о материалах РАН  |v Т. 81, вып. 7  |d 1931- 
801 0 |a RU  |b 63413507  |c 20010227  |g PSBO 
801 1 |a RU  |b 63413507  |c 20110914 
801 2 |a RU  |b 63413507  |c 20201106  |g RCR 
942 |c BK 
999 |a НТБ_ТПУ  |b НФ  |e -1/20110111  |p П-770  |s 1/20110407  |u 0,00  |v 1